| 000 | 00735cam a22001934a 4500 | ||
|---|---|---|---|
| 005 | 20250605164403.0 | ||
| 008 | 250528s ||||||||||||||||||||||||d | ||
| 035 | _a24689 | ||
| 040 |
_aGR-AtMCL _bgre _dGR-AtMCL _eAACR2 |
||
| 245 | 1 | _aΠάτρα / Η HiTech 'Πρωτεύουσα της Ελλάδας' | |
| 260 | _c2020 | ||
| 300 | _a82 | ||
| 520 | _aΗ Επόμενη Ημέρα του Κορωνοϊού στις Επιχειρήσεις, Ο Πληρέστερος Οδηγός Επιβίωσης για StartUppers, Hack the Box: Η Ελληνική Ακαδημία Cybersecurity. | ||
| 700 | 1 |
_aStartupper Mag _99502 |
|
| 700 | 1 |
_aΔιονάτος Γιάννης _99503 |
|
| 942 | _cCR | ||
| 999 |
_c9556 _d9556 |
||